| 000 | 01477nam0a2200349 4500 | ||
|---|---|---|---|
| 001 | RU\NLR\BIBL_A\022521677 | ||
| 005 | 20250728103209.0 | ||
| 010 |
_a978-5-04-197588-3 _92000 |
||
| 021 |
_aRU _bКН-П-25-010242 _9КН-П-25-1041 |
||
| 035 | _a(NLR Aleph) 022521677 | ||
| 090 |
_a13458052 _c13458052 |
||
| 100 | _a20250414d2025 u y0rusy50 ca | ||
| 101 | 1 |
_arus _ceng |
|
| 102 | _aRU | ||
| 105 | _aa|||z|||000ay | ||
| 181 | 0 |
_ai _bxxxe |
|
| 182 | 0 | _an | |
| 200 | 1 |
_aЛес Мифаго _aЛавондисс _fРоберт Холдсток _gперевод с английского Д. Перегудова, Е. Рябцевой _gиллюстрации: ultraharmonica (Павленко Ольга) |
|
| 203 |
_aТекст _bвизуальный _cнепосредственный |
||
| 210 |
_aМосква _cЭксмо, Fanzone _dмакет 2025 (печ. 2024) |
||
| 215 |
_a716, [2] с. _cил. _d22 |
||
| 300 | _aНа форзаце авт.: Р. Холдсток, зоолог и ветеринар | ||
| 320 | _aДругая кн. авт. на форзаце | ||
| 333 | _a16+ | ||
| 686 | 1 | _aШ6(7США)67-445{Лх1979-62} | |
| 700 | 1 |
_7ca _8rus _aХолдсток _bР. _f1948-2009 _gРоберт _9197656 _3RU\NLR\AUTH\770197707 |
|
| 702 | 1 |
_4440 _7ca _8rus _aПавленко _bО. _gОльга _9266622 _3RU\NLR\AUTH\770266678 |
|
| 942 | _cBOOK | ||
| 980 | _aNB | ||